000
00273nam a22001217a 4500
082
_a
920
_b
DUA/J
100
_a
DUA,SHYAM
245
_a
THE LUMINOUS LIFE OF JULIA ROBERTS
260
_a
DELHI
_b
TINY TOT PUBLICATIONS
300
_a
95
650
_a
BIOGRAPHY
_z
DELHI
942
_c
BK
999
_c
6111
_d
6111